00551cam a2200169 a 4500020003600000041001100036082002100047100002600068245003300094260005100127300003200178650003200210650001800242942000700260952009700267999001700364 a9004114904 (cloth : alk. paper)0 aengara00a340.5909532bDON1 aDonaldson, William J.10aSharecropping in the Yemen : aLeiden, Netherlands ;aBoston :bBrill,c2000. axvi, 278 p. :bill., maps ; 0aSharecropping (Islamic law) 0aSharecropping cBK 00104070aHMIbHMIcGENd2018-07-24l0o340.5909532 DONp19552r2018-07-24w2018-07-24yBK c21227d21227